| 000 | 00579nam a22001937a 4500 | ||
|---|---|---|---|
| 003 | 0 | ||
| 005 | 20230904101828.0 | ||
| 008 | 230904b xxu||||| |||| 00| 0 eng d | ||
| 020 | _a978-621-427-064-4 | ||
| 050 |
_aHF 5549 _b.H86 2020 |
||
| 245 | _aHuman resource management | ||
| 250 | _aSecond edition | ||
| 260 |
_aManila _bUnlimited Books Library Services & Publishing Inc. _cc2020. |
||
| 300 |
_axiv, 288 pages ; _c26 cm. |
||
| 500 | _aPersonnel management. | ||
| 504 | _aIncludes bibliographical references. | ||
| 650 | _aPersonnel management. | ||
| 942 |
_2lcc _cBK |
||
| 999 |
_c365248 _d365248 |
||